000 01078nam a22002297a 4500
999 _c10730
_d10730
005 20251125232828.0
008 s2545 th tha d
020 _a9744283858
040 _aNALT
041 _atha
050 _aDS588 อ188ค 2545
100 0 _aอนุชิต โตนเพชร
245 1 0 _aคู่มือเที่ยวไทยภาคตะวันออกและตะวันตก 11 จังหวัด
260 3 _aกรุงเทพฯ :
_bไพลิน,
_c2545
300 _a128 หน้า :
_b แผนที่, ภาพประกอบ ;
_c 21 ซม.
650 0 4 _aไทย (ภาคตะวันตก) -- ภูมิประเทศและการท่องเที่ยว -- คู่มือ
650 0 4 _aไทย (ภาคตะวันออก) -- ภูมิประเทศและการท่องเที่ยว -- คู่มือ
850 _aNALT
856 4 0 _uhttps://hdl.handle.net/20.500.14156/410555
_71
942 _cGB
_2lcc